[Event "IECG TE.2008.P.02523 email"]
[Site "IECG email"]
[Date "2008.03.15"]
[Round "?"]
[White "Nucci, Luciano"]
[Black "Quantin, Jean Paul"]
[Result "1-0"]
[WhiteElo "2085"]
[BlackElo "649"]
[PlyCount "71"]
[EventDate "2008.03.15"]
[EventType "tourn (corr)"]
[EventRounds "12"]
[SourceTitle "Corr 2024"]
[Source "ChessBase"]
[SourceDate "2023.10.19"]
[SourceVersion "1"]
[SourceVersionDate "2023.10.19"]
[SourceQuality "1"]

1. d4 d5 2. c4 c6 3. Nc3 Nf6 4. e3 e6 5. Nf3 Nbd7 6. Qc2 Bd6 7. Bd3 g6 8. 0-0 0-0 9. e4 dxe4 10. Nxe4 Nxe4 11. Bxe4 c5 12. Bh6 Re8 13. dxc5 Nxc5 14. Rfd1 Qc7 15. Qc3 e5 16. Ng5 Nxe4 17. Nxe4 Be7 18. Rd6 Bxd6 19. Nf6+ Kh8 20. Bg7+ Kxg7 21. Nxe8+ Kf8 22. Nxc7 Bxc7 23. Qb4+ Kg8 24. Qe7 Ba5 25. Qe8+ Kg7 26. Qxe5+ Kg8 27. Qxa5 b6 28. Qd5 Rb8 29. Qd8+ Kg7 30. Re1 a6 31. Qd4+ Kh6 32. Re4 Bf5 33. Rh4+ Kg5 34. f4+ Kxh4 35. Qf6+ g5 36. Qxg5# 1-0

[Event "IECG QN.2002.0.00233"]
[Site "IECG email"]
[Date "2002.07.30"]
[Round "?"]
[White "Kachev, Teodor"]
[Black "Quantin, Jean Paul"]
[Result "1-0"]
[WhiteElo "800"]
[BlackElo "800"]
[PlyCount "77"]
[EventDate "2002.07.30"]
[EventType "tourn (corr)"]
[EventRounds "6"]
[SourceTitle "Corr 2008"]
[Source "ChessBase"]
[SourceDate "2008.06.24"]
[SourceVersion "1"]
[SourceVersionDate "2008.06.24"]
[SourceQuality "1"]

1. e4 Nc6 2. d4 e5 3. Nf3 d6 4. dxe5 dxe5 5. Qxd8+ Nxd8 6. Nxe5 Nf6 7. Nc3 Bd6 8. Nf3 0-0 9. Be2 Nc6 10. Bg5 Ng4 11. h3 Nge5 12. Nxe5 Bxe5 13. Bd2 Re8 14. 0-0-0 Nd4 15. f4 Bf6 16. e5 Bh4 17. Be1 Nf5 18. Bg4 Ne3 19. Bxh4 Nxd1 20. Rxd1 Be6 21. Bxe6 Rxe6 22. Rd7 Rc6 23. Nd5 Kf8 24. Nxc7 Rc8 25. Be7+ Kg8 26. Bd6 g6 27. c3 Rc4 28. g3 Re4 29. Kd2 a6 30. Nd5 Kg7 31. Rxb7 h6 32. b3 g5 33. Nf6 Rxf4 34. gxf4 gxf4 35. Nh5+ Kg6 36. Nxf4+ Kg5 37. Rxf7 Kh4 38. Rg7 Re8 39. Rg4# 1-0